| 000 | 01460nam a22003494a 4500 | ||
|---|---|---|---|
| 001 | ebr10116440 | ||
| 003 | CaPaEBR | ||
| 006 | m u | ||
| 007 | cr cn||||||||| | ||
| 008 | 030207s2003 ne sb 000 0 eng | ||
| 020 | _z1586032917 (IOS Press) | ||
| 020 | _z4274905837 (Ohmsha) | ||
| 040 |
_aCaPaEBR _cCaPaEBR |
||
| 035 | _a(OCoLC)84835136 | ||
| 043 |
_ae-fr--- _ae------ |
||
| 050 | 1 | 4 |
_aJN2594.2 _b.E93 2003eb |
| 082 | 0 | 4 |
_a351.44 _222 |
| 100 | 1 |
_aEyden, Ton van der, _d1934- |
|
| 245 | 1 | 0 |
_aPublic management of society _h[electronic resource] : _brediscovering French institutional engineering in the European context / _cTon van der Eyden. |
| 260 |
_aAmsterdam ; _aWashington : _bIOS Press/Ohmsha, _cc2003. |
||
| 300 | _axii, 640 p. | ||
| 500 | _aCD-ROM contains appendix. | ||
| 504 | _aIncludes bibliographical references. | ||
| 533 |
_aElectronic reproduction. _bPalo Alto, Calif. : _cebrary, _d2013. _nAvailable via World Wide Web. _nAccess may be limited to ebrary affiliated libraries. |
||
| 650 | 0 |
_aPublic administration _zFrance _xHistory _y20th century. |
|
| 651 | 0 |
_aFrance _xPolitics and government _y20th century. |
|
| 651 | 0 |
_aFrance _xSocial policy. |
|
| 651 | 0 |
_aEuropean Union countries _xPolitics and government. |
|
| 655 | 7 |
_aElectronic books. _2local |
|
| 710 | 2 | _aebrary, Inc. | |
| 856 | 4 | 0 |
_uhttp://site.ebrary.com/lib/rucke/Doc?id=10116440 _zAn electronic book accessible through the World Wide Web; click to view |
| 999 |
_c208709 _d208709 |
||